000
00309 a2200133 4500
000
nam a22 7a 4500
100
_a
A.K Sharma
110
_a
A.K Sharma
245
_a
Nanomaterials and nanostructures
250
_a
latest edition
260
_b
Oxford
_c
2023
264
_b
Oxford
_c
2023
942
_c
BK
999
_c
396392
_d
396392